MARC details
| 000 -CABECERA |
| campo de control de longitud fija |
01077cam a2200265 a 4500 |
| 001 - NÚMERO DE CONTROL |
| campo de control |
000006292 |
| 005 - FECHA Y HORA DE LA ÚLTIMA TRANSACCIÓN |
| campo de control |
20200929153918.0 |
| 008 - DATOS DE LONGITUD FIJA--INFORMACIÓN GENERAL |
| campo de control de longitud fija |
920826s1984 cu a bi f001 0 spa d |
| 040 ## - FUENTE DE LA CATALOGACIÓN |
| Centro catalogador/agencia de origen |
DO-SdBNP |
| Lengua de catalogación |
spa |
| Centro/agencia transcriptor |
DLC |
| Centro/agencia modificador |
BNPHU |
| 082 ## - NÚMERO DE LA CLASIFICACIÓN DECIMAL DEWEY |
| Número de clasificación |
Cu860 |
| Número de documento/Ítem |
C352i |
| 049 ## - FONDOS LOCALES (OCLC) |
| Fondos de biblioteca |
BNGR |
| 110 1# - ENTRADA PRINCIPAL--NOMBRE DE ENTIDAD CORPORATIVA |
| Nombre de entidad corporativa o nombre de jurisdicción como elemento de entrada |
Cuba. |
| Unidad subordinada |
Academia de ciencias. |
| -- |
Instituto de Literatura y Lingüistica. |
| 9 (RLIN) |
17572 |
| 245 10 - MENCIÓN DE TÍTULO |
| Título |
Índice analítico del Suplemento literario del Diario de la Marina : |
| Resto del título |
1927-1930 / |
| Mención de responsabilidad, etc. |
compilado por Marcia Castillo Vega y Rosa González Alfonso. |
| 260 ## - PUBLICACIÓN, DISTRIBUCIÓN, ETC. |
| Lugar de publicación, distribución, etc. |
La Habana, Cuba : |
| Nombre del editor, distribuidor, etc. |
Editorial Academia, |
| Fecha de publicación, distribución, etc. |
1984. |
| 300 ## - DESCRIPCIÓN FÍSICA |
| Extensión |
226 p. : |
| Otras características físicas |
il. ; |
| Dimensiones |
24 cm. |
| 504 ## - NOTA DE BIBLIOGRAFÍA, ETC. |
| Nota de bibliografía, etc. |
Incluye referencias bibliográficas. |
| 504 ## - NOTA DE BIBLIOGRAFÍA, ETC. |
| Nota de bibliografía, etc. |
Incluye notas al pie de las páginas. |
| 504 ## - NOTA DE BIBLIOGRAFÍA, ETC. |
| Nota de bibliografía, etc. |
Incluye índice de autores |
| 504 ## - NOTA DE BIBLIOGRAFÍA, ETC. |
| Nota de bibliografía, etc. |
Incluye índice de materia |
| 630 00 - PUNTO DE ACCESO ADICIONAL DE MATERIA--TÍTULO UNIFORME |
| Título uniforme |
DIARIO DE LA MARINA |
| Nombre de parte o sección de la obra |
SUPLEMENTO LITERARIO |
| Subdivisión general |
ÍNDICES |
| 9 (RLIN) |
17573 |
| 650 #4 - PUNTO DE ACCESO ADICIONAL DE MATERIA--TÉRMINO DE MATERIA |
| Término de materia o nombre geográfico como elemento de entrada |
Literatura cubana |
| Subdivisión general |
Índices |
| 9 (RLIN) |
17574 |
| 700 1# - PUNTO DE ACCESO ADICIONAL--NOMBRE DE PERSONA |
| Nombre de persona |
Castillo Vega, Marcia, |
| Término indicativo de función/relación |
comp. |
| 9 (RLIN) |
17575 |
| 700 1# - PUNTO DE ACCESO ADICIONAL--NOMBRE DE PERSONA |
| Nombre de persona |
González Alfonso, Rosa, |
| Término indicativo de función/relación |
comp. |
| 9 (RLIN) |
17576 |
| 910 ## - DATOS DE OPCIÓN DEL USUARIO (OCLC) |
| Datos de opción del usuario |
Catalogación por copia / LC |